Partenaires commerciaux de la Chine - Statistiques

Statistiques générales
  • Ce quiz a été pris 18 494 fois
  • Le résultat moyen est 16 sur 21
Statistiques - réponses
Export Import Pays % Correct
388 135 Etats-Unis
99%
22,6 France
99%
129 145 Japon
97%
37,5 32,1 Russie
97%
58,9 Inde
93%
65,8 86,1 Allemagne
92%
45,6 Brésil
89%
94,7 159 Corée du Sud
89%
37,6 70,2 Australie
87%
56,3 Royaume-Uni
87%
32,4 Mexique
82%
32,4 Indonésie
78%
61,6 37,2 Viêt Nam
73%
37,7 38,7 Thaïlande
72%
22,6 Afrique du Sud
62%
23,6 Arabie Saoudite
62%
40,4 139 Taïwan
61%
38,5 49,1 Malaisie
57%
45,8 25,9 Singapour
50%
57,7 Pays-Bas
39%
40,1 Suisse
35%
Aucun quiz correspondant
Distribution des résultats
% des personnes avec chaque résultat
Percentile par nombre de réponses
Votre historique - résultats
Vous n’avez pas pris ce quiz